Grundlagen systematischer philosophie

Salvato in:
Dettagli Bibliografici
Autore principale: Sauer, Ernst Friedrich (Autore)
Natura: Libro
Lingua:tedesco
Pubblicazione: Kersting 1978
Soggetti:
Tags: Aggiungi Tag
Nessun Tag, puoi essere il primo ad aggiungerne!!

MARC

LEADER 00000nam a2200000 a 4500
001 UCZ3971
003 CL-VaPUC
008 951027e19780000GW |||||||||||||||||ger|d
082 0 4 |a 101  |b SAU  |2 21 
100 0 |a Sauer, Ernst Friedrich  |e author  |9 347825 
245 1 0 |a Grundlagen systematischer philosophie 
300 |a 179 p 
942 |c BK 
945 |d 19951027 00:00:00  |a lriquelm 
260 |b Kersting  |c 1978 
650 7 |a TEORIA  |2 CL-VaPUC  |9 347826 
650 0 |a Filosofía   |9 223554 
650 0 |a Ideologías  |9 255200 
650 0 |a Filosofía alemana   |9 265002 
583 |a last modification  |c 20130320 11:05:38  |k Rodrigo Vera 
999 |c 240410  |d 240408 
952 |0 0  |1 0  |4 0  |6 101_000000000000000_SAU_1978  |7 0  |8 P  |9 252272  |a BIBEDU  |b BIBEDU  |c BIBEDU_PB  |d 2019-11-18  |i 1593269  |o 101 SAU 1978  |p 1593269  |r 2024-01-25  |w 2019-11-18  |y BK  |k FIL